000 00730cab a2200217 4500
001 WB3116-10
008 090401t1995 xxu||||| |||| 00| 0 eng d
035 _a(Sirsi) u57336
041 _aeng
245 _aPlan to close gap
260 _c1995
350 _a0
490 _aFinancial Times
_v26 April 1995, 13(1)
520 _aAn initiative to help British construction companies improve productivity and close the gap with international rivals is to be funded jointly by government and the industry via an organisation called Construction Productivity Network.
650 _aBRE
650 _aCIRIA
650 _aCONSTRUCTION PRODUCTIVITY NETWORK
690 _aBUILT ENVIRONMENT
942 _n0
948 _c04/03/1997
999 _c34947
_d34947